000 01755nam a2200325 a 4500
001 ebr10475960
003 CaPaEBR
006 m u
007 cr cn|||||||||
008 110623s2010 vauabd sb 100 0 eng d
020 _z9780784410844
020 _z9780784473276 (e-book)
040 _aCaPaEBR
_cCaPaEBR
035 _a(OCoLC)742513434
050 1 4 _aTA658.44
_b.A83 2010eb
111 2 _aATC & SEI Conference on Improving the Seismic Performance of Buildings and Other Structures
_d(2009 :
_cSan Francisco, Calif.)
245 1 0 _aImproving the seismic performance of existing buildings and other structures
_h[electronic resource] :
_bproceedings of the 2009 ATC & SEI Conference on Improving the Seismic Performance of Buildings and Other Structures, December 9-11, 2009, San Francisco, California /
_corganized by Applied Technology Council, the Structural Engineering Institute (SEI) of the American Society of Civil Engineers ; edited by Barry Goodno.
260 _aReston, Va. :
_bAmerican Society of Civil Engineers,
_c2010.
300 _a1459 p. :
_bill. (some col.), col. maps.
504 _aIncludes bibliographical references.
533 _aElectronic reproduction.
_bPalo Alto, Calif. :
_cebrary,
_d2013.
_nAvailable via World Wide Web.
_nAccess may be limited to ebrary affiliated libraries.
650 0 _aEarthquake engineering
_vCongresses.
650 0 _aEarthquake resistant design
_vCongresses.
655 7 _aElectronic books.
_2local
700 1 _aGoodno, Barry.
710 2 _aApplied Technology Council.
710 2 _aStructural Engineering Institute.
710 2 _aebrary, Inc.
856 4 0 _uhttp://site.ebrary.com/lib/rucke/Doc?id=10475960
_zAn electronic book accessible through the World Wide Web; click to view
999 _c216738
_d216738